Bundestagsabgeordnete aus Berlin - Statistiken

Allgemein
  • Dieses Quiz wurde 16 mal gespielt
  • Das Durchschnittsergebnis liegt bei 4 aus 25
Antwortstatistiken
Partei Mandat Name % Korrekt
Die Linke WK 083 Dr. Gregor Gysi
79%
AfD WK 084 Dr. Gottfried Curio
57%
AfD Liste Beatrix von Storch
43%
Die Linke WK 085 Ines Schwerdtner
43%
Die Linke WK 081 Ferat Koçak
29%
Die Linke WK 082 Pascal Meiser
21%
B90/Grüne Liste Andreas Audretsch
14%
CDU Liste Dr. Jan-Marco Luczak
14%
B90/Grüne Liste Lisa Paus
14%
CDU WK 078 Adrian Grasse
7%
SPD Liste Annika Klose
7%
CDU Liste Dr. Ottilie Klein
7%
SPD Liste Hakan Demir
7%
B90/Grüne WK 074 Hanna Steinmüller
7%
Die Linke Liste Ottavia Stella Merendino
7%
SPD Liste Ruppert Stüwe
7%
Die Linke Liste Doris Achelwilm
0%
B90/Grüne WK 080 Dr. Moritz Heuberger
0%
SPD WK 077 Helmut Kleebank
0%
B90/Grüne WK 075 Julia Schneider
0%
Die Linke Liste Katalin Gennburg
0%
CDU WK 079 Lukas Albrecht Krieger
0%
CDU WK 076 Marvin Schulz
0%
AfD Liste Ronald Gläser
0%
AfD Liste Sebastian Maack
0%
Keine übereinstimmenden Quizze gefunden
Verteilung der Resultate
Anzahl Personen mit jedem Resultat
Perzentil nach korrekt beantworteten Fragen
Ihre Resultats-Entwicklung
Sie haben dieses Quiz noch nicht gespielt